=LDR 00000nam 2200000 4500 =001 INLIS000000000028474 =005 20201014082849 =035 ##$$a 0010-061300000028474 =008 201014################g##########0#ind## =041 ##$$a Ind =082 ##$$a 307.095 982 2 =090 ##$$a 307.095 982 2, Dam d =245 ##$$a Dampak masuknya media komunikasi terhadap kehidupan sosial budaya masyarakat pedesaan daerah Jawa Tengah /$c Dra. Hartati Prawironoto...[ et.al. ] =260 ##$$a Jakarta :$b Depdikbud Dirjen Kebudayaan,$c 1993 =300 ##$$a x, 98 hlm, : $b ilus. ; $c 23 x 16 cm. =650 #4$$a Kehidupan Sosial - Jawa Tengah =850 ##$$a NBPNMAT =084 ##$$a 307.095 982 2 DAM d =700 #$$a Prawironoto, Hartati =990 ##$$a 62.624/Hd-93